Responses for show #4800 - Friday, June 17, 2005

Contestants

[<< previous game]

Jeff Magee, a registered nurse from Ridgefield Park, New Jersey

Donna Brutkoski, a newspaper copy editor originally from Brandon, Vermont

Kammy McCleery, a coordinator of experiential education and student employment from Lexington, Kentucky (whose 1-day cash winnings total $12,400)

[next game >>]

Jeopardy! Round responses

LAKES & RIVERS
CAVES
PACKAGING
PRESIDENTIAL CAMPAIGNS
FRUITS & VEGETABLES
HEY, "D.J."
    $200 10
Melissa Rivers

Donna
    $200 9
(Kammy: What are stalagtites?)

stalactites

KammyDonna
    $200 26
a log cabin

Kammy
    $200 6
(Kammy: What is "Bloody"?)
...
(Alex: Kammy, you were on the right track, but it's not "Bloody", it's [*] Kansas, [*] Sumner.)

"Bleeding"

Kammy
Triple Stumper
    $200 1
cabbage

Jeff
    $200 17
Dow Jones

Donna
    $400 11
Veronica Lake

Donna
    $400 22
bone

Donna
    $400 27
potato chips

Kammy
    $400 7
(Kammy: What is Tippecanoe?)
...
(Alex: A reference to Franklin [*].)

Pierce

Kammy
Triple Stumper
    $400 2
the pineapple

Kammy
    $400 18
Dr. Jekyll

Donna
    $600 12
River Phoenix

Donna
    $600 23
a grotto

Kammy
    $600 28
(a box of) chocolates

Donna
    $600 8
(Jeff : What is a lunch pail?)

a full dinner pail

KammyJeff
    $600 3
an apple

Kammy
    $600 19
a dinner jacket

Kammy
    $800 13
George Steinbrenner

Kammy
    $800 24
(Alex: See, you knew that, Kammy!)
(Kammy: Older and slower.)

Charles I

Triple Stumper
    $600 15
Calvin Coolidge

Donna
    $800 4
(Kammy: What is navel orange?)

the valencia orange

Kammy
Triple Stumper
    $800 20
Don Juan

Jeff
    $1000 14
Ricki Lake

Donna
    $1000 25
(Kammy: What is Carlsbad Caverns?)

Mammoth Cave

Kammy
Triple Stumper
    $1000 16
William Howard Taft

Triple Stumper
    $1000 5
the Concord (grape)

Donna
    $1000 21
Diamond Jim

Donna

Scores at the first commercial break (after clue 14):

Kammy Donna Jeff
$800 $3,400 -$400

Scores at the end of the Jeopardy! Round:

Kammy Donna Jeff
$1,600 $6,600 $400

Double Jeopardy! Round responses

(Alex: Not LAKES & RIVERS...)
RAKES & LIVERS
THE STANLEY CUP
U.S. GOVERNMENT JOBS
MYTHOLOGICAL CREATURES
MEN IN CHARGE
(Alex: We want you to name the country.)
TRIPLE "A"
(Alex: Each correct response will contain three "A"s.)
    $400 6
(Donna: Who is Verdi?)

Mozart

DonnaJeff
    $400 11
a flowerpot

Donna
    $400 21
the U.S. Postal Service (post office accepted)

Jeff
    $400 1
the phoenix

Kammy
    $400 16
(Kammy: What is Singapore?)

India

Kammy
Triple Stumper
    $400 22
almanac

Jeff
    $800 7
cirrhosis

Jeff
    $800 12
the Yukon Territory

Donna
    $800 27
Bureau of Indian Affairs

Jeff
    $800 2
Pegasus

Donna
    $800 17
Ireland

Donna
    $800 23
avalanches

Jeff
    $1200 8
Barbara Cartland

Kammy
    $1200 13
(Kammy: Who is Jacques, uh...)
...
(Alex: He was a great goaltender, too. Who is [*]? He came up with the face mask for goaltenders.)

Jacques Plante

Kammy
Triple Stumper
    $1200 3
the hydra

Kammy
    $1200 18
Zimbabwe

Donna
    $1200 24
(Donna: What are artillery guns?)

antiaircraft guns

KammyDonna
    $1600 9
(Jeff: What is the aorta?)

the hepatic artery

Jeff
Triple Stumper
    $1600 14
the Tampa Bay Lightning

Donna
    $2,000 4
the harpies

Kammy
    $1600 19
Australia

Kammy
    $3,000 25
agoraphobia

Kammy
    $2000 10
The Rake's Progress

Triple Stumper
    $2000 15
Ray Bourque

Donna
    $2000 5
Argus

Jeff
    $2000 20
(Jeff: What is Mexico?)

Spain

DonnaJeff
    $2000 26
an actuarial table

Donna

Scores at the end of the Double Jeopardy! Round:

Kammy Donna Jeff
$10,600 $16,600 $2,400

[wagering suggestions for these scores]

Final Jeopardy! Round responses

AUTHORS
(Alex: And she wrote a very famous book about four daughters.)
JeffWho is Willa Cather?
$2,400
KammyWho is Louisa May Alcott?
$6,001
DonnaWho is Louisa May Alcott?
$5,000
Louisa May Alcott

Final scores:

Kammy Donna Jeff
$16,601 $21,600 $0
2nd place: $2,000 New champion: $21,600 3rd place: $1,000

Game dynamics:

Coryat scores:

Kammy Donna Jeff
$8,800 $16,800 $2,400
15 R
(including 2 DDs),
7 W
21 R
(including 1 DD),
2 W
9 R,
3 W

Combined Coryat: $28,000

The J! Archive is created by fans, for fans. The Jeopardy! game show and all elements thereof, including but not limited to copyright and trademark thereto, are the property of Jeopardy Productions, Inc. and are protected under law. This website is not affiliated with, sponsored by, or operated by Jeopardy Productions, Inc. Join the discussion at JBoard.tv.